The law of agency (Record no. 76916)

MARC details
000 -LEADER
fixed length control field 01397cab a2200313 4500
001 - CONTROL NUMBER
control field ##L133296
008 - FIXED-LENGTH DATA ELEMENTS--GENERAL INFORMATION
fixed length control field 060427n2006 000 0 eng u
035 ## - SYSTEM CONTROL NUMBER
System control number (Sirsi) u133296
041 0# - LANGUAGE CODE
Language code of text/sound track or separate title eng
100 1# - MAIN ENTRY--PERSONAL NAME
Personal name Ives, Paul
245 04 - TITLE STATEMENT
Title The law of agency
Remainder of title rights and duties of the agent
260 ## - PUBLICATION, DISTRIBUTION, ETC.
Date of publication, distribution, etc. 2006
490 #0 - SERIES STATEMENT
Series statement Letting Update Journal
Volume/sequential designation 14(1) April 2006, 14-17(4)
520 ## - SUMMARY, ETC.
Summary, etc. This second article in a series on agency provides an overview of the law of agency, its legal framework and the statutory responsibilities that exist between the parties. Looks at the specific rights and duties of an agent in relationship to his principal and third party. Covers the general principles, agent's duties, contractual, fiducial and statutory duties and the rights of the agent. (See also L132545 and L134300).
590 ## - LOCAL NOTE (RLIN)
Local note IKA090506
650 24 - SUBJECT ADDED ENTRY--TOPICAL TERM
Topical term or geographic name entry element ACCOMMODATION AGENCIES ACT 1953
650 24 - SUBJECT ADDED ENTRY--TOPICAL TERM
Topical term or geographic name entry element SAUNDERS V SOPER
650 24 - SUBJECT ADDED ENTRY--TOPICAL TERM
Topical term or geographic name entry element TURPIN V BILTON
650 24 - SUBJECT ADDED ENTRY--TOPICAL TERM
Topical term or geographic name entry element FRAY V VOULES
650 24 - SUBJECT ADDED ENTRY--TOPICAL TERM
Topical term or geographic name entry element HIPPISLEY V KNEE BROS
650 24 - SUBJECT ADDED ENTRY--TOPICAL TERM
Topical term or geographic name entry element PREVENTION OF CORRUPTION ACT 1916 S1
650 24 - SUBJECT ADDED ENTRY--TOPICAL TERM
Topical term or geographic name entry element YASUDA FIRE AND MARINE INSURANCE CO OF EUROPE LTD V ORION MARINE INSURANCE UNDERWRITING AGENCY LTD
650 24 - SUBJECT ADDED ENTRY--TOPICAL TERM
Topical term or geographic name entry element GIBBON V PEASE
650 24 - SUBJECT ADDED ENTRY--TOPICAL TERM
Topical term or geographic name entry element HEYS V TINDALL
650 24 - SUBJECT ADDED ENTRY--TOPICAL TERM
Topical term or geographic name entry element MURRAY STURGIS
650 24 - SUBJECT ADDED ENTRY--TOPICAL TERM
Topical term or geographic name entry element MCINNES V CLARKE
690 ## - LOCAL SUBJECT ADDED ENTRY--TOPICAL TERM (OCLC, RLIN)
Topical term or geographic name as entry element PROPERTY-RESIDENTIAL PROPERTY-RESIDENTIAL PROPERTY AGENCY
942 ## - ADDED ENTRY ELEMENTS (KOHA)
Suppress in OPAC 0
Holdings
Withdrawn status Lost status Source of classification or shelving scheme Damaged status Not for loan Home library Current library Shelving location Date acquired Total Checkouts Full call number Barcode Date last seen Copy number Price effective from Koha item type
    Dewey Decimal Classification     London London Journal article 27/04/2006   L1332926 133296-1001 06/08/2019 1 06/08/2019 Journal article